Central Library OPAC University of Rajshahi

Belief in God / (Record no. 31052)

MARC details
000 -LEADER
fixed length control field 00791cam a22002771 4500
001 - CONTROL NUMBER
control field 31052
003 - CONTROL NUMBER IDENTIFIER
rucl marc code BD-RjUL
005 - DATE AND TIME OF LATEST TRANSACTION
control field 20211209051644.0
008 - FIXED-LENGTH DATA ELEMENTS--GENERAL INFORMATION
fixed length control field 140413s1921 enk 001 0 eng d
035 ## - SYSTEM CONTROL NUMBER
System control number (BD-RjUL)31139
System control number (OCoLC)5930092
040 ## - CATALOGING SOURCE
Original cataloging agency DLC
Transcribing agency MoRM
Modifying agency OCoLC
-- DLC
-- BD-RjUL
Language of cataloging eng
041 ## - LANGUAGE CODE
Language code of text/sound track or separate title eng
082 00 - DEWEY DECIMAL CLASSIFICATION NUMBER
Classification number 231
Author mark and year GOB 1921
100 1# - MAIN ENTRY--PERSONAL NAME
Personal name Gore, Charles,
Dates associated with a name 1853-1932.
9 (RLIN) 91674
245 10 - TITLE STATEMENT
Title Belief in God /
Statement of responsibility, etc. by Charles Gore.
260 ## - PUBLICATION, DISTRIBUTION, ETC. (IMPRINT)
Place of publication, distribution, etc. London :
Name of publisher, distributor, etc. John Murray,
Date of publication, distribution, etc. 1921.
300 ## - PHYSICAL DESCRIPTION
Pagination 300 p. ;
Size 18 cm.
490 0# - SERIES STATEMENT
Series statement Pelican books. [A47]
500 ## - GENERAL NOTE
General note "First published November 1921; published in Pelican books 1939."
504 ## - BIBLIOGRAPHY, ETC. NOTE
Bibliography, etc Includes Index
650 #0 - SUBJECT ADDED ENTRY--TOPICAL TERM
Topical term or geographic name as entry element God
General subdivision Proof.
9 (RLIN) 94408
942 ## - ADDED ENTRY ELEMENTS (KOHA)
Source of classification or shelving scheme Dewey Decimal Classification
Koha item type Books
Holdings
Lost status Source of classification or shelving scheme Damaged status Not for loan Collection code Permanent Location Current Location Shelving location Date acquired Source of acquisition Total Checkouts Full call number Date last seen Copy number Koha item type
  Dewey Decimal Classification     Non-fiction Central Library, University of Rajshahi Central Library, University of Rajshahi   27/03/1974 B. N. C. C Gift   231 GOB 1921 13/04/2014 C-1 Books